Paris Landmarks by Picture - Statistics

General Stats
  • This quiz has been taken 88 times
  • The average score is 6 of 9
Answer Stats
Picture Answer % Correct
Eiffel Tower
99%
Notre Dame
90%
Moulin Rouge
87%
Arc de Triomphe
80%
Sacre Coeur
68%
Versailles
65%
Disneyland
54%
Montmartre
51%
Louvre Museum
38%
No matching quizzes found
Score Distribution
Percent of People with Each Score
Percentile by Number Answered
Your Score History
You have not taken this quiz